MARC

LEADER 00000nam0a2200000 4500
001 61772
005 20260218104505.0
010 |a 2858871100 
035 |a (RuTPU)RU\TPU\book\65381 
090 |a 61772 
100 |a 20040322d2002 k y0rusy50 ca 
101 1 |a rus 
102 |a RU 
105 |a y z 001zb 
200 1 |a Дело Корнилова  |e пер. с англ.  |f Г. М. Катков 
205 |a 2-е изд., испр. 
210 |a Москва  |c Русский путь  |d 2002 
215 |a 240 с. 
225 1 |a Исследования новейшей русской истории 
320 |a Указатель имен: с. 231-234 
600 1 |a Корнилов  |g Лавр Георгиевич  |b Л. Г.  |c российский генерал от инфантерии  |f 1870 - 1918  |2 stltpui  |3 (RuTPU)RU\TPU\pers\299 
606 |a Корниловский мятеж  |z 25 августа - 1 сентября 1917  |9 89173 
610 1 |a Россия 
610 1 |a история 
610 1 |a 20 век 
686 |a Т3(2)535  |2 rubbk 
700 1 |a Катков  |b Г. М.  |g Георгий Михайлович 
801 1 |a RU  |b 63413507  |c 20040322  |g PSBO 
801 2 |a RU  |b 63413507  |c 20121127  |g PSBO 
942 |c BK